000
00324nam a22001457a 4500
008
230616b ||||| |||| 00| 0 eng d
020
_a
9780321785374
041
_a
eng
080
_a
62
082
_a
62BRI
100
_a
20
101
_a
MEK
245
_a
CALCULUS FOR SCIENTISTS AND ENGINEERS
_c
BRIGGS
942
_2
udc
_c
BK
999
_c
60004
_d
60004